Регионална библиотека "Любен Каравелов" - Русе

Музиката (Запис номер 44989)

MARC детайли
000 -Лидер
Контролно поле с фиксирана дължина nam a22 a 4500
003 - Код на организацията, давaща контролен номер
Контролно поле BLK
005 - Дата и час на последна редакция
Контролно поле 20210203152627.0
008 - Елементи от данни с фиксирана дължина
fixed length control field 180408b bul|||||r ||||||| ||bul||
010 ## - Наследен системен номер
LC control number KNG00048768000
020 ## - Международен стандартен номер на книга ISBN
Международен стандартен номер на книга ISBN 954-742-020-8
040 ## - Източник на каталожния запис
Идентификатор на билиотеката - собственик на записа BLK
041 ## - Код за език
Код за езика на текст/звукозапис или на отделно заглавие Български
Код за езика КДБФ Български
080 ## - УДК
Текстов определител УДК Музика
УДК код - определител по УДК 78
УДК определител :087.5(031)
УДК - код + определител 78:087.5(031)
139 ## - Редно поле
Редна дума Музиката
Авторски знак Му - М 95
245 10 - Сведения за заглавието
Заглавие Музиката
Подзаглавни данни Инструментите ; Клас. музика ; Музиката по света ; Джаз и рок
Редно поле (дума) под ред. на Клод Ноден; прев. от фр. Любов Драганова.
257 ## - Страна на издаване
Страна на създаване/издаване Франция
260 ## - Област на издателските данни
Име на издателя, разпространителя и проч. Слънце
Година на издаване 2004
Печатница Отпеч. във Франция
Място на издаване, разпространение и проч. София
300 ## - Физическа характеристика
Страници 95 с.
Илюстрации и др. с цв. ил.
Размери/Мащаб 29 см
380 ## - Жанр
Жанр Изкуство
490 1# - СЕРИИ (Колекции)
Име на серия Larousse
490 1# - СЕРИИ (Колекции)
Име на серия Юношеска енциклопедия
500 ## - Общи забележки
Забележка Без сведение за ориг. загл. - Офс. изд. - 700 тир. - Азб. показалец.
650 #4 - Допълнително описание по предмет – тема
Основно описание – тема или топоним Музика
9 (RLIN) 162855
650 #4 - Допълнително описание по предмет – тема
Основно описание – тема или топоним Музикални инструменти
9 (RLIN) 275050
650 #4 - Допълнително описание по предмет – тема
Основно описание – тема или топоним Композитори
9 (RLIN) 159003
650 #4 - Допълнително описание по предмет – тема
Основно описание – тема или топоним Музикални изпълнители
9 (RLIN) 247442
653 ## - Ключова дума – ненормативна
Ключова дума музика
653 ## - Ключова дума – ненормативна
Ключова дума музикални инструменти
653 ## - Ключова дума – ненормативна
Ключова дума композитори
653 ## - Ключова дума – ненормативна
Ключова дума музикални изпълнители
653 ## - Ключова дума – ненормативна
Ключова дума музиканти
653 ## - Ключова дума – ненормативна
Ключова дума литература за деца
653 ## - Ключова дума – ненормативна
Ключова дума детска литература
653 ## - Ключова дума – ненормативна
Ключова дума енциклопедии
700 1# - Други автори (авторска отговорност)
Лично име Ноден, Клод
Автороска отговорност (Описва отношението между автора и произведението) под ред. на
9 (RLIN) 103768
700 1# - Други автори (авторска отговорност)
Лично име Драганова, Любов
Автороска отговорност (Описва отношението между автора и произведението) прев. от фр.
9 (RLIN) 364150
852 ## - Местоположение
Форматна сигнатура Цб ІІ 13096
Фондова буква Хранилище
856 4# - Електронен адрес и достъп
Електронен формат pdf - файл
856 4# - Електронен адрес и достъп
Електронен формат pdf - файл
999 ## - СИСТЕМНИ КОНТРОЛНИ НОМЕРА
Koha biblionumber 44989
Koha biblioitemnumber 44989
942 ## - АРТИКУЛИ
Вид на библиотечния материал Книги
Скрит в OPAC Не
Koha issues (borrowed), all copies 1
Периодичен библиозапис Да
944 ## - СЪЗДАВАНЕ И РЕДАКЦИЯ на ЗАПИСА
Създаване/Редакция Създаване
Дата на регистрацията/редакция 16.03.2005
Служител, извършил регистрацията/редакцията Геновева_Генчева
944 ## - СЪЗДАВАНЕ И РЕДАКЦИЯ на ЗАПИСА
Създаване/Редакция Редакция
Дата на регистрацията/редакция 28.07.2005
999 ## - СИСТЕМНИ КОНТРОЛНИ НОМЕРА
Koha biblioitemnumber 44989
Наличности
Код за отписване Код за изгубен артикул Източник на класификационната схема Код за повреда Коз за рестрикции Код за отдаване Артикулен № Име на библиотеката - собственик Име на библиотеката, в която се намира в момента Статус (Текущо местоположение) Дата на вписване в системата Местоположение - отдел Цена в лева Инвентарен номер Систематично азбучна сигнатура Баркод Номер на екземпляра Цена в евро Служебна бележка Служебен тип на артикула
  Не е изгубен Universal Decimal Classification Не е повреден само за читалня ползва се в читалня 70851 Регионална библиотека "Любен Каравелов" Русе Регионална библиотека "Любен Каравелов" Русе Хранилище 2005-03-21 Хранилище 17.00 120000692369 Цб ІІ 13096 120000692369 1 8.69 Дост: Dp Вид: Д N: 19 Дата: 28.04.2004 Книги
Vip Innovations Ltd, Rousse, Bulgaria 2025